| 000 | 00832nam a22002297a 4500 | ||
|---|---|---|---|
| 999 |
_c8519 _d8519 |
||
| 003 | AR-CdUCM | ||
| 008 | 190325b ||||| |||| 00| 0 spa d | ||
| 020 | _a978-612-46007-1-5 | ||
| 040 |
_aMUNICIPALIDAD PROVINCIAL DEL CUSCO _cBIBLIOTECA MUNICIPAL DEL CUSCO |
||
| 082 |
_a259 / _bZ44 |
||
| 100 |
_aZegarra Moretti, Carlos, _914544 |
||
| 245 |
_aCatálogo del archivo histórico de la Prelatura de Ayaviri : _b libros parroquiales / |
||
| 260 |
_aCusco : _bGrafika press, _c2011. |
||
| 300 |
_a395 paginas , _c27 cm. |
||
| 505 | _aContenido : Provincia de Melgar -- Provincia de Carabaya -- Provincia de Sandia --Otros lugares. | ||
| 650 |
_aPuno _93897 |
||
| 650 |
_aLibros parroquiales _923861 |
||
| 650 |
_aCatalogo de Ayaviri _923862 |
||
| 710 |
_aInstituto Pastoral Andina _923863 |
||
| 942 |
_2ddc _cLIBROS |
||
| 945 | _awnts | ||